Largest 'A' City in Every North American Country - Statistics

General Stats
  • This quiz has been taken 14 times
  • The average score is 2 of 16
Answer Stats
Country Population City % Correct
United States 931,830 Austin
100%
Mexico 1,069,223 Aguascalientes
42%
Canada 151,683 Abbotsford
17%
Costa Rica 47,494 Alajuela
17%
Nicaragua 10,563 Acoyapa
0%
Honduras 7,592 Agua Blanca Sur
0%
Guatemala 71,836 Amatitlan
0%
Jamaica 5,504 Annotto Bay
0%
Haiti 7,178 Anse a Galets
0%
Saint Lucia 1,256 Anse La Raye
0%
El Salvador 112,158 Apopa
0%
Trinidad and Tobago 35,000 Arima
0%
Panama 76,815 Arraijan
0%
Cuba 210,053 Arroyo Naranjo
0%
Bahamas 1,175 Arthur's Town
0%
Dominican Republic 59,139 Azua
0%
No matching quizzes found
Score Distribution
Percent of People with Each Score
Percentile by Number Answered
Your Score History
You have not taken this quiz